ஏற்றுமதி முடிவுற்றது — 

Energy statistics of OECD countries 1980-1989 = statistiques de l'energie des pays de l'OCDE /

Saved in:
நூற்பட்டியல் விவரங்கள்
குழும எழுத்தாளர்கள்: Organisation for Economic Co-operation and Development., International Energy Agency.
வடிவம்: புத்தகம்
மொழி:English
வெளியீடப்பட்டது: Paris : OECD, 1991.
பகுதிகள்:
குறியீடுகள்: குறிச்சொல் இணை
குறியீடுகள் இல்லை, இந்த குறிச்சொல்லை முதலில் பதிவு செய்யுங்கள்!
LEADER 01531cam a2200397Ia 4500
001 13012744
005 20180124132502.0
008 911016s1991 fr a s 000 0 eng d
020 |a 9264032991 
020 |a 9789264032996 
029 1 |a AU@  |b 000008531920 
029 1 |a NLGGC  |b 201819686 
029 1 |a UNITY  |b 011659734 
035 |a (OCoLC)ocm24572323 
035 |a (OCoLC)24572323 
035 |a (NNC)13012744 
040 |a PUF  |b eng  |c PUF  |d OCL  |d YDXCP  |d SYB  |d OCLCQ  |d BDX  |d OCLCQ  |d OCLCF  |d OCLCQ  |d OCLCO 
050 1 4 |a HD9502.A1  |b E5616 1991 
245 0 0 |a Energy statistics of OECD countries 1980-1989 =  |b statistiques de l'energie des pays de l'OCDE /  |c International Energy Agency. 
246 3 |a Statistiques de l'energie des pays de l'OCDE 
260 |a Paris :  |b OECD,  |c 1991. 
300 |a 721 pages :  |b chiefly tables ;  |c 27 cm 
336 |a text  |b txt  |2 rdacontent 
337 |a unmediated  |b n  |2 rdamedia 
338 |a volume  |b nc  |2 rdacarrier 
500 |a In English and French. 
500 |a IEA statistics. 
650 0 |a Energy consumption  |v Statistics. 
650 0 |a Energy policy  |v Statistics. 
650 7 |a Energy consumption.  |2 fast  |0 (OCoLC)fst00909986 
650 7 |a Energy policy.  |2 fast  |0 (OCoLC)fst00910200 
655 7 |a Statistics.  |2 fast  |0 (OCoLC)fst01423727 
710 2 |a Organisation for Economic Co-operation and Development. 
710 2 |a International Energy Agency. 
776 0 8 |i Online version:  |t Energy statistics of OECD countries 1980-1989.  |d Paris : OECD, 1991  |w (OCoLC)681301695 
852 0 0 |b off,bus  |h HD9540.4  |i .O7331